Guia de les institucions científiques i d'ensenyança / Diputació de Barcelona
Descripción Física:
358 p., /[8] f. de làm. ; 17 cm
MARC
| LEADER | 00000nam a2200000Ia 4500 | ||
|---|---|---|---|
| 001 | 1260 | ||
| 003 | BGR | ||
| 005 | 20260324175410.0 | ||
| 008 | 160829s9999 xx 000 0 cat d | ||
| 080 | |a E-1-155 | ||
| 110 | 1 | |a Barcelona (Catalunya : Província). |b Diputació |9 52408 | |
| 245 | |a Guia de les institucions científiques i d'ensenyança / Diputació de Barcelona | ||
| 260 | |a Barcelona : |b Consell de Pedagogia, 1916 | ||
| 300 | |a 358 p., /[8] f. de làm. ; |c 17 cm | ||
| 590 | |a Hi ha un duplicat a: DUP-234 | ||
| 650 | |a Ciència |x Societats, etc. |x Directoris |9 31629 |z Barcelona | ||
| 650 | |a Ensenyament |x Directoris |9 31630 |z Barcelona | ||
| 650 | |a Acadèmies, societats culturals, etc. |x Barcelona |x Directoris |9 31631 |z Barcelona | ||
| 901 | |a Arxiu | ||
| 942 | |n 1 |2 udc |c MON | ||
| 952 | |0 0 |1 0 |4 0 |6 E1155 |7 1 |9 45699 |a Arxiu |b Arxiu |d 2016-12-01 |l 0 |o E-1-155 |p 1260 |r 2016-12-01 00:00:00 |w 2016-12-01 |y ARXIU | ||
| 999 | |c 49199 |d 49199 | ||